00617nam a22001812 4500001001100000005001700011008004100028020001700069040001500086245007900101250001300180260003400193300001800227500008600245630006400331630003700395852000300432000001907620151217152144.0100908s xx 000 0 eng d a0687036666 : aKABUcKABU10aHebrew Bible :bhistory of interpretation /cforeword by Walter Harrelson. a1st ed. aNashville :bAbingdon,c2004. axxiv, 366 p. aExcerpted from the Dictionary of Biblical interpretation edited by John H. Hayes.00aBiblexCriticism, interpretation, etcxHistory.@000017868000aBiblexHermeneutics.@00001492401